Islam in South-East Asia. (Record no. 8967)

MARC details
000 -LEADER
fixed length control field 00582nam a2200241 a 4500
020 ## - INTERNATIONAL STANDARD BOOK NUMBER
ISBN 9004837
082 00 - DEWEY DECIMAL CLASSIFICATION NUMBER
Classification number 297.0959
Author Cutter HOO
100 ## - MAIN ENTRY--AUTHOR NAME
Author name Hooker, M B
245 ## - TITLE STATEMENT
Title Islam in South-East Asia.
260 ## - PUBLICATION, DISTRIBUTION, ETC. (IMPRINT)
Place of publication Leiden
Name of publisher Brill
Year of publication 1988
300 ## - PHYSICAL DESCRIPTION
Number of Pages 262p.
500 ## - GENERAL NOTE
General note includes index and biblioraphy
505 2# - FORMATTED CONTENTS NOTE
Formatted contents note bibliography
650 ## - SUBJECT ADDED ENTRY--TOPICAL TERM
Topical Term Islam-Asia-South East
942 ## - ADDED ENTRY ELEMENTS (KOHA)
Koha item type Books
700 1# -
-- Hooker, M B
Holdings
Collection code Home library Current library Date acquired Cost, normal purchase price Full call number Accession Number Koha item type
  Henry Martyn Institute Library Henry Martyn Institute Library 07/26/2007 100.00 297.0959 HOO 013989 Books
                   Copyright © 2026 | Henry Martyn Institute | Hyderabad | TS-500052 | INDIA | Implemented by hmi.edu.in
Hit-Count:

Powered by Koha